00485nam a2200169Ia 4500003000400000008004100004040001600045082002000061100003900081245008100120260004400201300000800245650001600253650001000269650001200279650002400291GCL140319s9999 xx 000 0 eng d aGCL / cGCL04aCCb299.31bN V1 aDESROCHES - NEBLECOURT, CHRISTIANE10aVIE ET MORT D'UN PHARAON TOUTANKHAMON / cDESROCHES - NEBLECOURT, CHRISTIANE a[S.N] : bGEORGE RAINBIRD LTD ، c1963 a31204aTUTANCHAMON04aEGYPT04aHISTORY04aEGYPT - ANTIQUITIES